00870nam a22002297a 4500003000400000005001700004008004100021040000800062041001200070082001200082100002600094245013000120260005400250300004400304504002900348650005300377650005100430650005100481650004200532651003600574700003000610OSt20251220165058.0251220b |||||||| |||| 00| 0 eng d cDCL aEnglish a305.8951 a Leach, Edmund Ronald10aPolitical systems of highland Burma : ba study of Kachin social structure / cby E.R. Leach; with foreword by Raymond Firth. aLondon :bThe London School of Economics, c1954. axx, 324 pages :bmaps, tables ;c24 cm. aBibliography: p. 251-267 a Kachin (Asian people) xPolitics and government xPolitics and governmentaAhoms (Indic people)  aKachin (Asian people)xSocial life and customs aSocial structurezBurmavCase studies aMyanmarxPolitic and government1 aFirth, Raymond eforeword